Southville International School and Colleges
Your cart is empty.
  • Cart
  • Lists
    Public lists list_1 View all
    Your lists Log in to create your own lists
  • Log in to your account
  • Your cookies
  • Search history
Southville International School and Colleges
  • Advanced search
  • Recent comments
  • Most popular
  • Libraries

Log in to your account

Log in with GOOGLE


If you do not have an external account, but do have a local account, you can still log in:

  1. Home
  2. MARC view: Art in action /
Normal view MARC view ISBD view

Art in action / (Record no. 102573)

[ view plain ]
MARC details
000 -LEADER
fixed length control field 00460nam a2200169 a 4500
005 - DATE AND TIME OF LATEST TRANSACTION
control field 20140412111238.0
008 - FIXED-LENGTH DATA ELEMENTS--GENERAL INFORMATION
fixed length control field 050516s19uu xx 00 eng d
020 ## - INTERNATIONAL STANDARD BOOK NUMBER
International Standard Book Number 0-15-770044-5
050 ## - LIBRARY OF CONGRESS CALL NUMBER
Classification number M 707
Item number H861 1987
100 ## - MAIN ENTRY--PERSONAL NAME
Personal name Hubbard, Guy
245 ## - TITLE STATEMENT
Title Art in action /
Statement of responsibility, etc Guy Hubbard.
260 ## - PUBLICATION, DISTRIBUTION, ETC. (IMPRINT)
Place of publication, distribution, etc San Diego :
Name of publisher, distributor, etc Coronado Publishers,
Date of publication, distribution, etc 1987.
300 ## - PHYSICAL DESCRIPTION
Extent 736 p. ; ill.
650 ## - SUBJECT ADDED ENTRY--TOPICAL TERM
Topical term or geographic name as entry element Art
General subdivision Juvenile literature
650 ## - SUBJECT ADDED ENTRY--TOPICAL TERM
Topical term or geographic name as entry element Art aprreciation
Holdings
Withdrawn status Lost status Damaged status Home library Current library Shelving location Date acquired Source of acquisition Total Checkouts Full call number Barcode Date last seen Price effective from Koha item type
      Elizalde Library Elizalde Library Main Section 05/16/2005     M 707 H861 1987 E2076 04/12/2014 04/12/2014 Books

Art in action /

APA

Hubbard G., . (1987). Art in action. San Diego: Coronado Publishers.

Chicago

Hubbard Guy, . 1987. Art in action. San Diego: Coronado Publishers.

Harvard

Hubbard G., . (1987). Art in action. San Diego: Coronado Publishers.

MLA

Hubbard Guy, . Art in action. San Diego: Coronado Publishers. 1987.

  • Place hold
  • Print
  • Cite
  • Add to your cart (remove)
  • Save record
    BIBTEX Dublin Core MARCXML MARC (non-Unicode/MARC-8) MARC (Unicode/UTF-8) MARC (Unicode/UTF-8, Standard) MODS (XML) RIS
  • More searches
    Search for this title in:
    Other Libraries (WorldCat) Other Databases (Google Scholar) Online Stores (Bookfinder.com) Open Library (openlibrary.org)

Exporting to Dublin Core...

SOUTHVILLE LIBRARY

Southville International School and Colleges Library

1281 Tropical Ave. Cor. Luxembourg St., BF Homes International, Las Pinas City

Tel. No. 8256374 / 252358 Loc. 117/146

Powered by Koha